[Event "UKR-chT"]
[Site "Chornomorsk"]
[Date "2019.05.20"]
[Round "1.1"]
[White "Tisevich, Roman"]
[Black "Efimenko, Zahar"]
[Result "0-1"]
[WhiteElo "2337"]
[BlackElo "2632"]
[PlyCount "57"]
[EventDate "2019.05.20"]
[EventType "team-tourn"]
[EventRounds "9"]
[EventCountry "UKR"]
[SourceTitle "CBM 190 Extra"]
[Source "ChessBase"]
[SourceDate "2019.07.15"]
[SourceVersion "1"]
[SourceVersionDate "2019.07.15"]
[SourceQuality "1"]
[WhiteTeam "Chornomorsk Chess Academy"]
[BlackTeam "Kiev Dnipro"]
[WhiteTeamCountry "UKR"]
[BlackTeamCountry "UKR"]

1. b3 Nf6 2. Bb2 g6 3. Bxf6 exf6 4. c4 b6 5. Nc3 Bb7 6. e3 Bg7 7. Nf3 f5 8. Rc1 0-0 9. g3 d6 10. Bg2 Nd7 11. 0-0 Nf6 12. Ne1 Ne4 13. Ne2 Qc8 14. Nf4 Re8 15. d3 Nf6 16. Bxb7 Qxb7 17. Qf3 c6 18. b4 Qd7 19. Nc2 Rac8 20. a4 d5 21. cxd5 Nxd5 22. Nxd5 cxd5 23. b5 Bb2 24. Ra1 Rxc2 25. Ra2 d4 26. Rb1 Rc1+ 27. Rxc1 Bxc1 28. Rc2 Ba3 29. exd4 0-1

[Event "Odessa Galakhov Memorial"]
[Site "Odessa"]
[Date "2018.12.23"]
[Round "5"]
[White "Tisevich, Roman"]
[Black "Golubev, Mikhail"]
[Result "1-0"]
[WhiteElo "2337"]
[BlackElo "2479"]
[PlyCount "46"]
[EventDate "2018.12.23"]
[EventType "tourn (blitz)"]
[EventRounds "11"]
[EventCountry "UKR"]
[EventCategory "7"]
[SourceTitle "CBM 188 Extra"]
[Source "ChessBase"]
[SourceDate "2019.02.26"]
[SourceVersion "1"]
[SourceVersionDate "2019.02.26"]
[SourceQuality "1"]

1. e4 c5 2. Nf3 d6 3. d4 Nf6 4. Nc3 cxd4 5. Qxd4 Nc6 6. Bb5 Bd7 7. Bxc6 Bxc6 8. Bg5 e6 9. 0-0-0 Be7 10. Kb1 0-0 11. h4 Qc7 12. Qd3 b5 13. Nd4 b4 14. Ncb5 Qb7 15. Bxf6 Bxe4 16. Qg3 Bxf6 17. Nxd6 Qb6 18. Nxe4 Bxd4 19. f4 f5 20. Ng5 Bf6 21. Qb3 Rae8 22. Rde1 Bxg5 23. hxg5 g6 1-0

[Event "Titled Tuesday intern op 4th Dec"]
[Site "Chess.com INT"]
[Date "2018.12.04"]
[Round "3"]
[White "Babiy, Olga"]
[Black "Tisevich, Roman"]
[Result "0-1"]
[WhiteElo "2275"]
[BlackElo "2337"]
[PlyCount "88"]
[EventDate "2018.12.04"]
[EventType "swiss (blitz)"]
[EventRounds "10"]
[EventCountry "USA"]
[SourceTitle "EXT 2021"]
[Source "ChessBase"]
[SourceDate "2020.10.23"]
[SourceVersion "1"]
[SourceVersionDate "2020.10.23"]
[SourceQuality "1"]

1. e4 c5 2. Nf3 e6 3. d4 cxd4 4. Nxd4 a6 5. Nc3 b5 6. Bd3 Bb7 7. 0-0 Nc6 8. Nxc6 Bxc6 9. Re1 Bc5 10. e5 Qb6 11. Be3 f5 12. Qh5+ g6 13. Qh4 Bxe3 14. fxe3 Qc5 15. Qd4 Qxd4 16. exd4 Ne7 17. a4 b4 18. Na2 a5 19. c3 bxc3 20. Nxc3 Rb8 21. Nb5 Nd5 22. Rac1 Ke7 23. b3 Rb6 24. Bc4 Nb4 25. Red1 Rhb8 26. Nd6 Nd5 27. Re1 Nf4 28. g3 Nh3+ 29. Kf1 Ng5 30. Kf2 Rxb3 31. Bxb3 Rxb3 32. Rc5 Nh3+ 33. Ke2 Rb2+ 34. Ke3 g5 35. Rxa5 f4+ 36. gxf4 gxf4+ 37. Kd3 f3 38. Rf1 f2 39. Ne4 Rb3+ 40. Nc3 Bg2 41. Rxf2 Nxf2+ 42. Kc4 Rb2 43. Ra7 Bf1+ 44. Kc5 Nd3+ 0-1

[Event "Titled Tuesday intern op 4th Dec"]
[Site "Chess.com INT"]
[Date "2018.12.04"]
[Round "1"]
[White "Bacrot, Etienne"]
[Black "Tisevich, Roman"]
[Result "1-0"]
[WhiteElo "2686"]
[BlackElo "2337"]
[PlyCount "81"]
[EventDate "2018.12.04"]
[EventType "swiss (blitz)"]
[EventRounds "10"]
[EventCountry "USA"]
[SourceTitle "EXT 2021"]
[Source "ChessBase"]
[SourceDate "2020.10.23"]
[SourceVersion "1"]
[SourceVersionDate "2020.10.23"]
[SourceQuality "1"]

1. e4 g6 2. d4 Bg7 3. Nc3 c6 4. h4 h5 5. Nf3 d5 6. Bf4 Bg4 7. Be2 dxe4 8. Nxe4 Nd7 9. Nfg5 Ngf6 10. Bxg4 hxg4 11. c3 0-0 12. Qe2 Nxe4 13. Nxe4 e5 14. dxe5 Nxe5 15. Bxe5 Bxe5 16. Qxg4 Re8 17. 0-0 Kg7 18. Ng5 Bf6 19. Nf3 Re2 20. Rad1 Qc8 21. Rd7 Re7 22. Rfd1 Rxd7 23. Rxd7 Kf8 24. Nd2 Ke8 25. Ne4 Be7 26. Rxe7+ Kxe7 27. Qg5+ Kf8 28. Qh6+ Ke7 29. Qg5+ Kf8 30. Qc5+ Kg8 31. Nf6+ Kh8 32. Qg5 Kg7 33. Nh5+ Kf8 34. Qh6+ Ke7 35. Qg5+ Kd6 36. Qf4+ Kc5 37. Qb4+ Kd5 38. Nf4+ Ke5 39. Qd4+ Kf5 40. f3 g5 41. g4# 1-0

[Event "Titled Tuesday intern op 4th Dec"]
[Site "Chess.com INT"]
[Date "2018.12.04"]
[Round "7"]
[White "Hansen, Eric"]
[Black "Tisevich, Roman"]
[Result "1-0"]
[WhiteElo "2615"]
[BlackElo "2337"]
[PlyCount "113"]
[EventDate "2018.12.04"]
[EventType "swiss (blitz)"]
[EventRounds "10"]
[EventCountry "USA"]
[SourceTitle "EXT 2021"]
[Source "ChessBase"]
[SourceDate "2020.10.23"]
[SourceVersion "1"]
[SourceVersionDate "2020.10.23"]
[SourceQuality "1"]

1. e4 c5 2. Nf3 e6 3. d4 cxd4 4. Nxd4 a6 5. Bd3 Bc5 6. Nb3 Ba7 7. Qg4 Nf6 8. Qg3 d6 9. Be3 Bxe3 10. Qxe3 e5 11. 0-0 Nc6 12. N1d2 0-0 13. a4 d5 14. c3 dxe4 15. Bxe4 Nxe4 16. Nxe4 f5 17. Rfd1 Qe7 18. Nd6 f4 19. Nxc8 Raxc8 20. Qe4 f3 21. g3 Kh8 22. Rd3 Qf7 23. Nd2 Qh5 24. Rxf3 Rfd8 25. Rf5 Qg6 26. Nf3 Re8 27. Re1 h6 28. h4 Qd6 29. Nxe5 Nxe5 30. Rxe5 Rxe5 31. Qxe5 Qc6 32. Qe6 Qxe6 33. Rxe6 Rc7 34. Rb6 Kg8 35. Kg2 Kf7 36. h5 Ke7 37. f4 Kd7 38. Kf3 Ke7 39. a5 Kd7 40. g4 Ke7 41. g5 hxg5 42. fxg5 Kf8 43. h6 gxh6 44. gxh6 Kg8 45. Rg6+ Kh7 46. Rg7+ Rxg7 47. hxg7 Kxg7 48. Ke4 Kf6 49. Kd4 Ke7 50. Kc5 Kd7 51. Kb6 Kc8 52. Ka7 Kc7 53. c4 Kc8 54. b4 Kc7 55. b5 axb5 56. cxb5 Kc8 57. b6 1-0

[Event "Titled Tuesday intern op 4th Dec"]
[Site "Chess.com INT"]
[Date "2018.12.04"]
[Round "9"]
[White "Tisevich, Roman"]
[Black "Schut, Han"]
[Result "1-0"]
[WhiteElo "2337"]
[BlackElo "2173"]
[PlyCount "67"]
[EventDate "2018.12.04"]
[EventType "swiss (blitz)"]
[EventRounds "10"]
[EventCountry "USA"]
[SourceTitle "EXT 2021"]
[Source "ChessBase"]
[SourceDate "2020.10.23"]
[SourceVersion "1"]
[SourceVersionDate "2020.10.23"]
[SourceQuality "1"]

1. b3 e5 2. Bb2 Nc6 3. e3 d5 4. Bb5 Bd6 5. Ne2 Qe7 6. d4 Bd7 7. Bxc6 Bxc6 8. dxe5 Bxe5 9. Bxe5 Qxe5 10. Qd4 Qxd4 11. exd4 Bb5 12. Nec3 Bc6 13. Kd2 Nf6 14. f3 0-0-0 15. Re1 Rhe8 16. Rxe8 Rxe8 17. a4 Bd7 18. Nd1 Bf5 19. Ne3 Bg6 20. Nc3 c6 21. a5 a6 22. g4 Nd7 23. Na4 Kc7 24. h4 f6 25. h5 Bf7 26. c4 dxc4 27. bxc4 Rd8 28. Kc3 Re8 29. Re1 g6 30. h6 Kd6 31. c5+ Kc7 32. Nb2 Re7 33. Nd3 Nf8 34. Nd5+ 1-0

[Event "Titled Tuesday intern op 2nd Oct"]
[Site "Chess.com INT"]
[Date "2018.10.02"]
[Round "4"]
[White "Bates, Richard"]
[Black "Tisevich, Roman"]
[Result "0-1"]
[WhiteElo "2374"]
[BlackElo "2337"]
[PlyCount "110"]
[EventDate "2018.10.02"]
[EventType "swiss (blitz)"]
[EventRounds "10"]
[EventCountry "USA"]
[SourceTitle "EXT 2021"]
[Source "ChessBase"]
[SourceDate "2020.10.23"]
[SourceVersion "1"]
[SourceVersionDate "2020.10.23"]
[SourceQuality "1"]

1. d4 Nf6 2. Nf3 g6 3. g3 Bg7 4. Bg2 0-0 5. 0-0 d6 6. c4 Nc6 7. Nc3 Bf5 8. h3 Ne4 9. Nd5 Bd7 10. Ng5 Nxg5 11. Bxg5 h6 12. Be3 e5 13. dxe5 dxe5 14. Qd2 Kh7 15. Rfd1 Be6 16. Bc5 Re8 17. e3 f5 18. Ba3 e4 19. Rac1 Ne5 20. Nf4 Qxd2 21. Rxd2 Nxc4 22. Nxe6 Nxd2 23. Nxg7 Kxg7 24. Rxc7+ Kg8 25. b3 Rac8 26. Rxb7 Rc2 27. g4 fxg4 28. hxg4 Rxa2 29. Bb4 Nf3+ 30. Bxf3 exf3 31. Bc3 Re6 32. Bd4 a6 33. Rg7+ Kf8 34. Ra7 g5 35. Kh2 Rxf2+ 36. Kg3 Rf1 37. Ra8+ Ke7 38. Ra7+ Ke8 39. Ra8+ Kd7 40. Ra7+ Kc8 41. Ra8+ Kb7 42. Ra7+ Kb8 43. Rf7 Rc6 44. b4 Rc2 45. Rxf3 Rxf3+ 46. Kxf3 Rc4 47. Ke4 Rxb4 48. Kf5 a5 49. Kg6 a4 50. Be5+ Kc8 51. Kxh6 Rb5 52. Bd4 Kd7 53. e4 Ke6 54. e5 Rxe5 55. Bxe5 Kxe5 0-1

[Event "Titled Tuesday intern op 2nd Oct"]
[Site "Chess.com INT"]
[Date "2018.10.02"]
[Round "1"]
[White "Viviani, Alessio"]
[Black "Tisevich, Roman"]
[Result "0-1"]
[WhiteElo "2268"]
[BlackElo "2337"]
[PlyCount "80"]
[EventDate "2018.10.02"]
[EventType "swiss (blitz)"]
[EventRounds "10"]
[EventCountry "USA"]
[SourceTitle "EXT 2021"]
[Source "ChessBase"]
[SourceDate "2020.10.23"]
[SourceVersion "1"]
[SourceVersionDate "2020.10.23"]
[SourceQuality "1"]

1. d4 Nf6 2. c4 g6 3. Nc3 Bg7 4. e4 0-0 5. f4 c5 6. d5 d6 7. Nf3 Bg4 8. Bd3 Nbd7 9. h3 Bxf3 10. Qxf3 e6 11. 0-0 exd5 12. cxd5 a6 13. a4 Re8 14. Be3 Rc8 15. Kh1 c4 16. Bc2 Nc5 17. Bd4 Nfd7 18. Bxg7 Kxg7 19. Rae1 f6 20. h4 Qb6 21. e5 dxe5 22. f5 Qxb2 23. Re2 Qa3 24. fxg6 e4 25. Qg4 Qxc3 26. gxh7+ Kh8 27. Bxe4 Nxe4 28. Rxe4 Rxe4 29. Qxe4 Qd3 30. Qf4 c3 31. Rf3 c2 32. Rxd3 c1Q+ 33. Qxc1 Rxc1+ 34. Kh2 Rc4 35. Re3 Ne5 36. Kh3 Rxa4 37. d6 Rd4 38. Rb3 b5 39. Rc3 Kxh7 40. Rc7+ Kg6 0-1

[Event "Titled Tuesday intern op 3rd April"]
[Site "Chess.com INT"]
[Date "2018.04.03"]
[Round "2"]
[White "Tisevich, Roman"]
[Black "Azarov, Sergei Nikolaevich"]
[Result "1/2-1/2"]
[WhiteElo "2330"]
[BlackElo "2570"]
[PlyCount "86"]
[EventDate "2018.04.03"]
[EventType "swiss (blitz)"]
[EventRounds "10"]
[EventCountry "USA"]
[SourceTitle "EXT 2021"]
[Source "ChessBase"]
[SourceDate "2020.10.23"]
[SourceVersion "1"]
[SourceVersionDate "2020.10.23"]
[SourceQuality "1"]

1. Nf3 Nf6 2. g3 b5 3. Bg2 Bb7 4. 0-0 e6 5. d3 c5 6. e4 d6 7. a4 b4 8. Nbd2 Be7 9. Re1 0-0 10. Nc4 Nfd7 11. h4 Nc6 12. Bg5 h6 13. Bxe7 Qxe7 14. e5 Ncxe5 15. Nfxe5 Nxe5 16. Nxe5 Bxg2 17. Kxg2 dxe5 18. Rxe5 b3 19. cxb3 Qd6 20. Re3 Rab8 21. Rc1 Qd5+ 22. Kg1 Rxb3 23. Rxc5 Qb7 24. Qf3 Rxb2 25. Qxb7 Rxb7 26. Ra5 Rd8 27. Kg2 Rd4 28. Ra6 g6 29. Kf3 h5 30. Kg2 Kg7 31. Kf3 Rd5 32. Kg2 Rc5 33. Rf3 Rc2 34. Re3 Ra2 35. Rf3 Rd7 36. Re3 Ra3 37. Rf3 Ra2 38. Re3 Ra3 39. Rf3 Ra2 40. Re3 Ra3 41. Rf3 Ra2 42. Re3 Ra3 43. Rf3 Ra2 1/2-1/2

[Event "Titled Tuesday intern op 3rd April"]
[Site "Chess.com INT"]
[Date "2018.04.03"]
[Round "6"]
[White "Tisevich, Roman"]
[Black "Tomb, Maroun"]
[Result "1/2-1/2"]
[WhiteElo "2330"]
[BlackElo "2182"]
[PlyCount "134"]
[EventDate "2018.04.03"]
[EventType "swiss (blitz)"]
[EventRounds "10"]
[EventCountry "USA"]
[SourceTitle "EXT 2021"]
[Source "ChessBase"]
[SourceDate "2020.10.23"]
[SourceVersion "1"]
[SourceVersionDate "2020.10.23"]
[SourceQuality "1"]

1. Nf3 d6 2. g3 Nf6 3. Bg2 e5 4. 0-0 Nbd7 5. c4 Be7 6. Nc3 0-0 7. d3 c6 8. e4 a6 9. a4 a5 10. Ne1 Nc5 11. f4 b6 12. Nf3 Qc7 13. h3 Bb7 14. Kh2 Rad8 15. Be3 h6 16. Qe2 Nfd7 17. Rad1 Rfe8 18. h4 Nf6 19. Bh3 Bc8 20. f5 d5 21. cxd5 cxd5 22. Bxc5 Bxc5 23. g4 dxe4 24. dxe4 h5 25. g5 Ng4+ 26. Bxg4 hxg4 27. Nd2 Rd4 28. Qxg4 Red8 29. Nf3 Rxd1 30. Rxd1 Rxd1 31. Nxd1 Qd6 32. Nc3 Qd3 33. g6 fxg6 34. Qg3 gxf5 35. Nxe5 Qd2+ 36. Qg2 Qf4+ 37. Qg3 Qd2+ 38. Qg2 Qf4+ 39. Qg3 Be3 40. Nc4 Bg1+ 41. Kg2 Qxg3+ 42. Kxg3 fxe4 43. Nxe4 Be6 44. b3 Bd4 45. Kf4 Bd5 46. Ng5 Kf8 47. Ne4 Ke7 48. Ng3 Kd7 49. Nf5 Bf6 50. Nxb6+ Kc6 51. Nxd5 Kxd5 52. h5 Kc5 53. Ke4 Kb4 54. h6 gxh6 55. Nxh6 Kxb3 56. Kd3 Kxa4 57. Ng4 Bg7 58. Kc2 Ka3 59. Kb1 a4 60. Ne3 Kb3 61. Nc2 Bb2 62. Na1+ Kc3 63. Nc2 Kb3 64. Na1+ Kc3 65. Nc2 Kb3 66. Na1+ Ka3 67. Nc2+ Kb3 1/2-1/2

[Event "Geller Memorial op-A 7th"]
[Site "Odessa"]
[Date "2011.08.26"]
[Round "7"]
[White "Tisevich, Roman"]
[Black "Varchenko, Grigory"]
[Result "1-0"]
[WhiteElo "2354"]
[BlackElo "2119"]
[PlyCount "61"]
[EventDate "2011.08.20"]
[EventType "swiss"]
[EventRounds "9"]
[EventCountry "UKR"]
[SourceTitle "EXT 2014"]
[Source "ChessBase"]
[SourceDate "2013.11.20"]
[SourceVersion "1"]
[SourceVersionDate "2013.11.20"]
[SourceQuality "1"]

1. e4 c5 2. a3 g6 3. b4 Bg7 4. Nc3 b6 5. bxc5 bxc5 6. Rb1 e6 7. Nb5 Nc6 8. Nd6+ Ke7 9. Nxc8+ Rxc8 10. Nf3 Nf6 11. d3 Re8 12. Be2 Kf8 13. Be3 d6 14. 0-0 Kg8 15. c4 Ng4 16. Bd2 f5 17. Qa4 Nf6 18. exf5 exf5 19. Bd1 Re7 20. Qa6 Nd7 21. Ba4 Ndb8 22. Qb5 h6 23. h4 Ne5 24. Nxe5 Rxe5 25. Qb7 Kh7 26. h5 g5 27. Rfe1 Kg8 28. Bc3 Rxe1+ 29. Bxe1 Kh7 30. Qd5 Qf6 31. Bc3 1-0

[Event "Geller Memorial op-A 7th"]
[Site "Odessa"]
[Date "2011.08.25"]
[Round "6"]
[White "Kharchenko, Boris"]
[Black "Tisevich, Roman"]
[Result "1-0"]
[WhiteElo "2450"]
[BlackElo "2354"]
[PlyCount "51"]
[EventDate "2011.08.20"]
[EventType "swiss"]
[EventRounds "9"]
[EventCountry "UKR"]
[SourceTitle "EXT 2014"]
[Source "ChessBase"]
[SourceDate "2013.11.20"]
[SourceVersion "1"]
[SourceVersionDate "2013.11.20"]
[SourceQuality "1"]

1. e4 g6 2. d4 Bg7 3. Nc3 c6 4. Bc4 b5 5. Bb3 a5 6. a3 Ba6 7. Qf3 e6 8. e5 f5 9. h4 Nh6 10. Bf4 Nf7 11. Qg3 Qe7 12. Nf3 a4 13. Ba2 b4 14. Nxa4 bxa3 15. b3 Bf8 16. Nc5 Qd8 17. b4 Rg8 18. Ng5 h6 19. Nh7 Be7 20. Nf6+ Bxf6 21. exf6 Qxf6 22. Bxb8 Qxd4 23. c3 Qf6 24. 0-0-0 Bc8 25. Kc2 g5 26. Qc7 1-0

[Event "UKR-ch"]
[Site "Alushta"]
[Date "2010.05.08"]
[Round "6"]
[White "Tisevich, Roman"]
[Black "Pavlov, Sergey1111"]
[Result "0-1"]
[WhiteElo "2343"]
[BlackElo "2508"]
[PlyCount "110"]
[EventDate "2010.05.03"]
[EventType "swiss"]
[EventRounds "9"]
[EventCountry "UKR"]
[SourceTitle "CBM 136 Extra"]
[Source "ChessBase"]
[SourceDate "2010.07.02"]
[SourceVersion "2"]
[SourceVersionDate "2010.07.15"]
[SourceQuality "1"]

1. d4 Nf6 2. Nc3 d5 3. Bg5 Nbd7 4. Qd3 g6 5. e4 dxe4 6. Nxe4 Bg7 7. Nf3 0-0 8. 0-0-0 c5 9. Nxf6+ Nxf6 10. Qa3 cxd4 11. Rxd4 Qb6 12. Rb4 Qd8 13. Be2 Be6 14. Rd1 Qc8 15. Nd4 Bd5 16. f3 a6 17. Kb1 b5 18. Qe3 Qc5 19. a3 Rac8 20. Qd2 Rfd8 21. Nb3 Bxb3 22. Qxd8+ Bf8 23. Qd2 Bxc2+ 24. Ka2 Bxd1 25. Bxd1 Nd5 26. Rd4 Rd8 27. Be3 e5 28. Re4 Qc6 29. Bb3 Nb4+ 30. axb4 Rxd2 31. Bxd2 Bd6 32. h4 Kg7 33. h5 Qb6 34. h6+ Kf6 35. Bc3 Qf2 36. Rf4+ Kg5 37. Rxf7 a5 38. f4+ exf4 39. bxa5 b4 40. Bf6+ Kxh6 41. Rd7 Qc5 42. Bg7+ Kg5 43. Rf7 Qxa5+ 44. Kb1 Be5 45. Rd7 Bxg7 46. Rd5+ Qxd5 47. Bxd5 Kg4 48. Kc2 Kg3 49. b3 g5 50. Kd3 g4 51. Ke2 h5 52. Kf1 Bd4 53. Be6 f3 54. Bd5 h4 55. Bc6 h3 0-1

[Event "UKR-ch"]
[Site "Alushta"]
[Date "2010.05.06"]
[Round "4"]
[White "Kovalev, Denis"]
[Black "Tisevich, Roman"]
[Result "1-0"]
[WhiteElo "2460"]
[BlackElo "2343"]
[PlyCount "83"]
[EventDate "2010.05.03"]
[EventType "swiss"]
[EventRounds "9"]
[EventCountry "UKR"]
[SourceTitle "CBM 136 Extra"]
[Source "ChessBase"]
[SourceDate "2010.07.02"]
[SourceVersion "2"]
[SourceVersionDate "2010.07.15"]
[SourceQuality "1"]

1. c4 b6 2. Nc3 Bb7 3. d4 e6 4. a3 f5 5. d5 Nf6 6. g3 Na6 7. Bg2 Bd6 8. Nf3 Qe7 9. 0-0 Nc5 10. dxe6 dxe6 11. b4 Nce4 12. Nb5 0-0 13. Bb2 a6 14. Nxd6 cxd6 15. Nd4 Ng4 16. Qc1 e5 17. f3 exd4 18. Bxd4 Nef6 19. fxg4 Bxg2 20. Bxf6 Qb7 21. Rf2 Be4 22. Bd4 fxg4 23. Rxf8+ Rxf8 24. Qg5 Qf7 25. Qxg4 Ba8 26. e4 b5 27. cxb5 axb5 28. Re1 g6 29. Qe2 Qf3 30. Qa2+ Qf7 31. Qe2 Qf3 32. Qc2 Qf7 33. h4 h5 34. Re2 Qf1+ 35. Kh2 Kh7 36. Rd2 g5 37. hxg5 h4 38. Qc7+ Rf7 39. Qxd6 hxg3+ 40. Qxg3 Kg8 41. g6 Rf4 42. Be5 1-0

[Event "UKR-ch"]
[Site "Alushta"]
[Date "2010.05.04"]
[Round "2"]
[White "Stolpovsky, Sergei"]
[Black "Tisevich, Roman"]
[Result "0-1"]
[WhiteElo "2191"]
[BlackElo "2343"]
[PlyCount "70"]
[EventDate "2010.05.03"]
[EventType "swiss"]
[EventRounds "9"]
[EventCountry "UKR"]
[SourceTitle "CBM 136 Extra"]
[Source "ChessBase"]
[SourceDate "2010.07.02"]
[SourceVersion "2"]
[SourceVersionDate "2010.07.15"]
[SourceQuality "1"]

1. d4 Nf6 2. c4 d6 3. Nc3 Bf5 4. Nf3 g6 5. Bg5 Bg7 6. e3 0-0 7. Bd3 Bg4 8. h3 Bxf3 9. Qxf3 c5 10. 0-0 Nc6 11. d5 Ne5 12. Qe2 a6 13. a4 Qa5 14. f4 Nxd3 15. Qxd3 Nd7 16. Bh4 Qb4 17. a5 b5 18. cxb5 c4 19. Qc2 axb5 20. a6 Rfe8 21. Be1 Nc5 22. Nd1 Qb3 23. Qd2 Rxa6 24. Rxa6 Nxa6 25. e4 Nc5 26. Rf3 Nd3 27. h4 Ra8 28. Rf1 Ra1 29. Bf2 Nxb2 30. Ne3 Rxf1+ 31. Nxf1 Bc3 32. Qe2 Qd1 33. Qe3 Nd3 34. Bg3 Nc1 35. Kh2 Bd4 0-1

[Event "UKR-ch"]
[Site "Alushta"]
[Date "2010.05.03"]
[Round "1"]
[White "Tisevich, Roman"]
[Black "Linker, Mikhail"]
[Result "1-0"]
[WhiteElo "2343"]
[BlackElo "2053"]
[PlyCount "101"]
[EventDate "2010.05.03"]
[EventType "swiss"]
[EventRounds "9"]
[EventCountry "UKR"]
[SourceTitle "CBM 136 Extra"]
[Source "ChessBase"]
[SourceDate "2010.07.02"]
[SourceVersion "2"]
[SourceVersionDate "2010.07.15"]
[SourceQuality "1"]

1. Nf3 Nf6 2. d3 e6 3. e4 d6 4. Be2 b6 5. 0-0 Bb7 6. Nc3 Be7 7. Bd2 0-0 8. Ng5 d5 9. Bf3 h6 10. exd5 exd5 11. Nh3 Nbd7 12. Re1 Nc5 13. Nf4 Re8 14. d4 Nce4 15. Nfxd5 Nxc3 16. Nxe7+ Rxe7 17. Bxc3 Rxe1+ 18. Bxe1 Bxf3 19. Qxf3 Qe8 20. Bd2 Rd8 21. Bxh6 Rxd4 22. Be3 Re4 23. h3 Nd5 24. Bd2 c6 25. Rd1 Qe5 26. b3 b5 27. g3 b4 28. Kg2 a5 29. Bc1 Re2 30. Bb2 Qe6 31. Rd4 Rxc2 32. Re4 Qd7 33. Bd4 c5 34. Re5 cxd4 35. Rxd5 Qc6 36. Rxa5 d3 37. Qxc6 Rxc6 38. Rd5 Rc3 39. Rd4 Rc2 40. Rxd3 Rxa2 41. Rd4 Rb2 42. Rxb4 g6 43. h4 Kg7 44. Rb7 Kf6 45. b4 Ke6 46. b5 Kf6 47. b6 Ke6 48. g4 Rb5 49. Kg3 Rb3+ 50. f3 Rb4 51. Rb8 1-0

[Event "Geller Memorial op-A 5th"]
[Site "Odessa"]
[Date "2009.08.24"]
[Round "5"]
[White "Golubev, Mikhail"]
[Black "Tisevich, Roman"]
[Result "1-0"]
[WhiteElo "2487"]
[BlackElo "2343"]
[PlyCount "95"]
[EventDate "2009.08.20"]
[EventType "swiss"]
[EventRounds "9"]
[EventCountry "UKR"]
[SourceTitle "CBM 132 Extra"]
[Source "ChessBase"]
[SourceDate "2009.11.03"]
[SourceVersion "1"]
[SourceVersionDate "2009.11.03"]
[SourceQuality "1"]

1. e4 e6 2. d4 d5 3. Nc3 Nc6 4. Nf3 Nf6 5. e5 Ne4 6. Bd3 Bb4 7. Bd2 Nxd2 8. Qxd2 Bd7 9. a3 Ba5 10. 0-0 Bb6 11. Qf4 Qe7 12. Rae1 0-0-0 13. Na4 h6 14. Nxb6+ axb6 15. Qg3 Qf8 16. Rc1 Kb8 17. Qf4 Ne7 18. Qd2 g5 19. a4 g4 20. Nh4 Nc6 21. Qf4 Qg7 22. g3 Qg5 23. Qe3 f5 24. Ng2 Nb4 25. Nf4 h5 26. Qd2 Nc6 27. Bb5 h4 28. Bxc6 Bxc6 29. Rfe1 Rh6 30. Ra1 Rdh8 31. Re2 Qe7 32. b4 Bd7 33. c3 Qe8 34. Qa2 Qe7 35. Qb2 Qe8 36. b5 Qe7 37. a5 Qe8 38. axb6 cxb6 39. Qa3 Qf8 40. Qa7+ Kc7 41. Ra6 hxg3 42. fxg3 Qb8 43. Qxb6+ Kc8 44. Ra5 Be8 45. Nxe6 Kd7 46. Ra7 f4 47. Rxb7+ Qxb7 48. Qd6+ 1-0

[Event "Geller Memorial op-A 5th"]
[Site "Odessa"]
[Date "2009.08.21"]
[Round "2"]
[White "Aliferenko, Aleksei"]
[Black "Tisevich, Roman"]
[Result "0-1"]
[WhiteElo "2206"]
[BlackElo "2343"]
[PlyCount "58"]
[EventDate "2009.08.20"]
[EventType "swiss"]
[EventRounds "9"]
[EventCountry "UKR"]
[SourceTitle "CBM 132 Extra"]
[Source "ChessBase"]
[SourceDate "2009.11.03"]
[SourceVersion "1"]
[SourceVersionDate "2009.11.03"]
[SourceQuality "1"]

1. d4 Nf6 2. Nf3 d6 3. c4 g6 4. Nc3 Bf5 5. Qb3 Qc8 6. h3 h5 7. Bg5 Bg7 8. Bxf6 exf6 9. e3 0-0 10. Nd5 Re8 11. Bd3 Bxd3 12. Qxd3 f5 13. 0-0-0 Nd7 14. Kb1 c6 15. Nc3 Nf6 16. g3 a6 17. Rc1 b5 18. Nd2 Qb7 19. Nb3 c5 20. cxb5 axb5 21. Qxb5 Qa7 22. dxc5 Ne4 23. Qe2 Reb8 24. cxd6 Bxc3 25. bxc3 Rxb3+ 26. axb3 Qa1+ 27. Kc2 Ra2+ 28. Kd3 Rd2+ 29. Qxd2 Qa6+ 0-1

[Event "Geller Memorial op-A 5th"]
[Site "Odessa"]
[Date "2009.08.20"]
[Round "1"]
[White "Tisevich, Roman"]
[Black "Zingaylo, Anastasiya"]
[Result "1-0"]
[WhiteElo "2343"]
[BlackElo "2070"]
[PlyCount "93"]
[EventDate "2009.08.20"]
[EventType "swiss"]
[EventRounds "9"]
[EventCountry "UKR"]
[SourceTitle "CBM 132 Extra"]
[Source "ChessBase"]
[SourceDate "2009.11.03"]
[SourceVersion "1"]
[SourceVersionDate "2009.11.03"]
[SourceQuality "1"]

1. d4 d5 2. Nf3 Nf6 3. c4 e6 4. Nc3 Be7 5. cxd5 exd5 6. Bg5 0-0 7. e3 c6 8. Bxf6 Bxf6 9. h3 Be6 10. Be2 Qb6 11. Qd2 Nd7 12. 0-0 c5 13. Rfd1 c4 14. b3 cxb3 15. Rdb1 Qd8 16. Rxb3 Nb6 17. a4 Qd7 18. Rab1 Rab8 19. Bb5 Qc7 20. Bd3 Nc4 21. Qe2 Rfc8 22. Bxc4 Qxc4 23. a5 Qc7 24. Qa2 Qd7 25. Qd2 h6 26. R1b2 Rc4 27. Ne2 Qc7 28. Nf4 Rc1+ 29. Ne1 Ra1 30. Rb5 Bd8 31. Ra2 Rxa2 32. Qxa2 Qc3 33. Ned3 b6 34. Ne5 Rc8 35. Kh2 Bc7 36. axb6 axb6 37. Rb3 Qa5 38. Qb1 Ra8 39. Nxe6 fxe6 40. Qg6 Qa2 41. Qxe6+ Kh8 42. Rc3 Bxe5+ 43. Qxe5 Qxf2 44. Rc6 Qh4 45. Rxb6 Rf8 46. Rg6 Rg8 47. g3 1-0

[Event "Chervonograd IM-A"]
[Site "Chervonograd"]
[Date "2008.11.06"]
[Round "8"]
[White "Hamitevici, Vladimir"]
[Black "Tisevich, Roman"]
[Result "1-0"]
[WhiteElo "2399"]
[BlackElo "2360"]
[PlyCount "129"]
[EventDate "2008.11.01"]
[EventType "tourn"]
[EventRounds "15"]
[EventCountry "UKR"]
[EventCategory "3"]
[SourceTitle "EXT 2009"]
[Source "ChessBase"]
[SourceDate "2008.11.26"]
[SourceVersion "1"]
[SourceVersionDate "2008.11.26"]
[SourceQuality "1"]

1. d4 Nf6 2. Nf3 d6 3. Bf4 Bg4 4. Nbd2 Nbd7 5. c3 c6 6. h3 Bh5 7. Qb3 Qb6 8. e3 Bg6 9. Nh4 e5 10. Nxg6 hxg6 11. Bh2 exd4 12. cxd4 d5 13. Qc2 Bb4 14. Bd3 0-0 15. 0-0 Rfe8 16. a3 Bxd2 17. Qxd2 Ne4 18. Qc2 Re6 19. b4 Rae8 20. Rab1 Qd8 21. b5 c5 22. dxc5 Ndxc5 23. Bxe4 Nxe4 24. Rb4 Qe7 25. Rd1 Rf6 26. f3 Nd6 27. Qf2 Qxe3 28. Qxe3 Rxe3 29. Rxd5 Nf5 30. Ra4 Re1+ 31. Kf2 Rfe6 32. Rd2 Rb1 33. Rxa7 Rxb5 34. a4 Rb3 35. a5 g5 36. Bc7 f6 37. Bb6 Nd6 38. Ra8+ Kh7 39. Rc2 Rb4 40. Rd8 Nc4 41. Bc5 Rb5 42. Rxc4 Rc6 43. a6 bxa6 44. Rd5 Rb2+ 45. Kg3 Rb5 46. f4 gxf4+ 47. Kxf4 a5 48. Ke4 Re6+ 49. Kd3 Rb3+ 50. Rc3 Rb2 51. g4 Ree2 52. Kc4 a4 53. Rd4 Rb3 54. Rdd3 Rxc3+ 55. Rxc3 Kg6 56. Kb5 Kg5 57. Kxa4 Kh4 58. Rf3 g6 59. Kb5 f5 60. gxf5 gxf5 61. Kc6 f4 62. Kd5 Re8 63. Bd4 Re2 64. Bf6+ Kh5 65. Rxf4 1-0